| 000 | 00990nam a2200265 i 4500 | ||
|---|---|---|---|
| 001 | 130680 | ||
| 003 | ES-MaACL | ||
| 005 | 20240422105730.0 | ||
| 007 | t| | ||
| 008 | 070806s1967 sp |||| | spa d | ||
| 080 | _a811.134.2'355 | ||
| 100 | 1 |
_aAlonso, Amado. _920182 |
|
| 245 | 1 | 6 |
_aDe la pronunciación medieval a la moderna en español / _cAmado Alonso ; ultimado y dispuesto para la imprenta por Rafael Lapesa. |
| 250 | _a2ª ed. | ||
| 260 |
_aMadrid : _bGredos, _c1967. |
||
| 300 |
_a382 p. ; _c21 cm. |
||
| 490 | 1 |
_aBiblioteca románica hispánica. I. Tratados y monografías ; _v5 |
|
| 500 | _aÍndice. | ||
| 650 | 1 | 4 |
_aLengua española- _xPronunciación. _914179 |
| 650 | 4 |
_aLengua española- _xFonología histórica. _9155170 |
|
| 700 | 0 |
_aLapesa, Rafael, _d1908-2001 _970146 |
|
| 830 | 0 |
_aBiblioteca románica hispánica. I. Tratados y monografías ; _v5 _9184467 |
|
| 852 |
_aES-MaACL _jE-11899 _z. - Biblioteca Jacinto Martínez Lacalle |
||
| 999 |
_c130680 _d130680 |
||